=LDR 00000nam 2200000 4500 =001 INLIS000000000031335 =005 20130612133420 =008 ***********************************ind** =035 ##$$a0010-061300000031335 =041 ##$$a ind =082 ##$$a 610. 73 =090 ##$$a 610. 73 , Bad s =100 ##$$a Badrunjaman, Aip =245 ##$$a Sosiologi untuk mahasiswa keperawatan, Aip Badrujaman =260 ##$$a 2008 $b Jakarta =300 ##$$a 114 hlm. , 17 cm =650 ##$$a Perawat dan perawatan =850 ##$$a NBPNMAT =990 ##$$a 21195054/BPAP-NTB/2014